Japanese sense of self

Αποθηκεύτηκε σε:
Λεπτομέρειες βιβλιογραφικής εγγραφής
Άλλοι συγγραφείς: Rosenberger, Nancy R. (Επιμελητής έκδοσης)
Μορφή: Βιβλίο
Γλώσσα:English
Δημοσίευση: Cambridge : Cambridge University Press, 1995
Σειρά:Publications of the Society for Psychological Anthropology
Θέματα:
Ετικέτες: Προσθήκη ετικέτας
Δεν υπάρχουν, Καταχωρήστε ετικέτα πρώτοι!

MARC

LEADER 00000nam a2200000 i 4500
001 1/7599
008 970111s1995 eng d
020 |a 0-521-46637-7 
035 |l 10016763 
040 |a GR-MY-UA  |b gre  |e aacr 
041 0 |a eng 
082 0 |a 155.8952 
245 1 0 |a Japanese sense of self /  |c edited by Nancy R. Rosenberger 
260 |a Cambridge :   |b Cambridge University Press,   |c 1995 
300 |a 176 p. 
490 1 |a Publications of the Society for Psychological Anthropology 
504 |a Includes index 
650 0 0 |a Self-perception  |z Japan. 
650 0 0 |a Social perception. 
700 1 |a Rosenberger, Nancy R.  |4 edt 
830 0 |a Publications of the Society for Psychological Anthropology 
852 |a INST  |b LESVOS  |e 19970111  |h 155.8952 JAP  |p 005100011215  |q 005100011215  |t BK  |y 0 
909 |a Λ  |b 049220 
950 |a 050/1996-02-06